[Event "Candas op"]
[Site "Candas"]
[Date "1992.??.??"]
[Round "8"]
[White "Komljenovic, Davorin"]
[Black "Topalov, Veselin"]
[Result "1-0"]
[WhiteElo "2495"]
[BlackElo "2460"]
[PlyCount "77"]
[EventDate "1992.10.??"]
[EventType "swiss"]
[EventRounds "9"]
[EventCountry "ESP"]
[SourceTitle "TD"]
[Source "ChessBase"]
[SourceDate "1994.03.01"]
[SourceVersion "1"]
[SourceVersionDate "1994.03.01"]
[SourceQuality "1"]

1. d4 d6 2. Nf3 Bg4 3. c4 Bxf3 4. exf3 c6 5. Nc3 g6 6. Bd3 Bg7 7. d5 Nf6 8. O-O
O-O 9. Re1 Nbd7 10. f4 Nb6 11. f5 Rc8 12. fxg6 hxg6 13. Bg5 Re8 14. Qb3 Nfd7
15. Bf1 Nc5 16. Qa3 cxd5 17. cxd5 a6 18. Rad1 Qd7 19. Qb4 Nba4 20. Nxa4 Nxa4
21. Rd3 Nxb2 22. Rh3 Nc4 23. Bxc4 Qg4 24. f4 f6 25. Rg3 Qf5 26. Bd3 Qxd5 27.
Bxg6 Rc4 28. Qb3 Rec8 29. Bd3 fxg5 30. Bxc4 Rxc4 31. Rxg5 Qd4+ 32. Kh1 Qxf4 33.
Rf5 Qh4 34. Ref1 e6 35. R5f3 b5 36. Qd3 Qe7 37. Qg6 Rc7 38. Rh3 Qf6 39. Qh7+
1-0

[Event "Candas op"]
[Site "Candas"]
[Date "1992.??.??"]
[Round "9"]
[White "Topalov, Veselin"]
[Black "Martin Gonzalez, Angel"]
[Result "1-0"]
[WhiteElo "2460"]
[BlackElo "2435"]
[PlyCount "83"]
[EventDate "1992.10.??"]
[EventType "swiss"]
[EventRounds "9"]
[EventCountry "ESP"]
[SourceTitle "TD"]
[Source "ChessBase"]
[SourceDate "1994.03.01"]
[SourceVersion "1"]
[SourceVersionDate "1994.03.01"]
[SourceQuality "1"]

1. d4 d5 2. c4 e6 3. Nf3 c5 4. cxd5 exd5 5. g3 Nc6 6. Bg2 Nf6 7. O-O Be7 8. Nc3
O-O 9. Bg5 cxd4 10. Nxd4 h6 11. Be3 Re8 12. Qa4 Bd7 13. Rad1 Nb4 14. Qb3 a5 15.
a4 Rc8 16. Nc2 b5 17. Nxb4 bxa4 18. Nxa4 Rb8 19. Nb6 Rxb6 20. Bxb6 Qxb6 21.
Bxd5 Nxd5 22. Rxd5 Bh3 23. Qa4 Rc8 24. Nd3 Bxf1 25. Kxf1 Bb4 26. Qd7 Rb8 27. h4
Qb7 28. h5 a4 29. Qxb7 Rxb7 30. Rd8+ Kh7 31. Ra8 Rb5 32. Rxa4 Be7 33. Ra7 Bf6
34. Rxf7 Bxb2 35. Nxb2 Rxb2 36. f4 Rb5 37. g4 Kg8 38. Rf5 Rb2 39. Kf2 g6 40.
hxg6 Kg7 41. g5 Rb6 42. Rf7+ 1-0

[Event "Elgoibar 02nd"]
[Site "Elgoibar"]
[Date "1992.??.??"]
[Round "2"]
[White "Topalov, Veselin"]
[Black "Etchegaray, Patrice"]
[Result "1/2-1/2"]
[WhiteElo "2460"]
[BlackElo "2255"]
[PlyCount "108"]
[EventDate "1992.11.??"]
[EventType "tourn"]
[EventRounds "9"]
[EventCountry "ESP"]
[EventCategory "6"]
[SourceTitle "EXT 2004"]
[Source "ChessBase"]
[SourceDate "2003.11.25"]
[SourceVersion "1"]
[SourceVersionDate "2003.11.25"]
[SourceQuality "1"]

1. e4 c5 2. Nf3 Nc6 3. d4 cxd4 4. Nxd4 Nf6 5. Nc3 e5 6. Ndb5 d6 7. Bg5 a6 8.
Na3 b5 9. Bxf6 gxf6 10. Nd5 Bg7 11. Bd3 Ne7 12. Nxe7 Qxe7 13. O-O f5 14. c3 O-O
15. Nc2 Bb7 16. exf5 Qg5 17. Ne3 d5 18. Re1 Rfe8 19. g3 d4 20. cxd4 exd4 21.
Ng2 Qd8 22. Nf4 Rxe1+ 23. Qxe1 Qd7 24. Rc1 Bf3 25. Qa5 Rc8 26. Re1 Qc6 27. a4
bxa4 28. Qxa6 Qxa6 29. Bxa6 Rb8 30. Be2 Bc6 31. Rc1 Be4 32. Bd3 Bf3 33. Rc2 Be5
34. Ne2 Kg7 35. Nc1 Kf6 36. Kf1 Rb6 37. Ke1 Bd6 38. Ne2 Rb4 39. Kd2 Bd5 40. f4
h6 41. Nc1 Ke7 42. Kd1 Bf3+ 43. Ke1 Bd5 44. Rd2 Rb6 45. Kd1 a3 46. bxa3 Bxa3
47. Ne2 Bf3 48. Ra2 Bc5 49. Ra5 Rc6 50. Rb5 Bb6 51. Kd2 Rd6 52. Nc1 Kf6 53. Nb3
Ba7 54. Nc5 Rd5 1/2-1/2

[Event "Elgoibar 02nd"]
[Site "Elgoibar"]
[Date "1992.??.??"]
[Round "3"]
[White "Iruzubieta Villaluenga, Jesus Maria"]
[Black "Topalov, Veselin"]
[Result "0-1"]
[WhiteElo "2280"]
[BlackElo "2700"]
[PlyCount "68"]
[EventDate "1992.11.??"]
[EventType "tourn"]
[EventRounds "9"]
[EventCountry "ESP"]
[EventCategory "6"]
[SourceTitle "EXT 2004"]
[Source "ChessBase"]
[SourceDate "2003.11.25"]
[SourceVersion "1"]
[SourceVersionDate "2003.11.25"]
[SourceQuality "1"]

1. e4 c5 2. Nf3 d6 3. d4 cxd4 4. Nxd4 Nf6 5. Nc3 a6 6. Bc4 e6 7. Bb3 b5 8. O-O
Be7 9. Qf3 Qb6 10. Be3 Qb7 11. Qg3 O-O 12. Bh6 Ne8 13. Rfe1 Kh8 14. Bg5 Nf6 15.
Rad1 Nbd7 16. Re3 Qb6 17. f4 Nh5 18. Qh4 Bxg5 19. fxg5 g6 20. Kh1 Bb7 21. Rh3
Nc5 22. g4 b4 23. Nd5 exd5 24. gxh5 Qc7 25. Bxd5 Rae8 26. Re1 Qe7 27. Bxb7 Qxb7
28. Rhe3 Rxe4 29. Rxe4 Re8 30. Kg1 Nxe4 31. Qf4 Kg8 32. c3 bxc3 33. bxc3 Re5
34. Nf3 Nxg5 0-1

[Event "Elgoibar 02nd"]
[Site "Elgoibar"]
[Date "1992.??.??"]
[Round "4"]
[White "Topalov, Veselin"]
[Black "Cruz Lopez Claret, Carlos"]
[Result "1-0"]
[WhiteElo "2460"]
[BlackElo "2260"]
[PlyCount "87"]
[EventDate "1992.11.??"]
[EventType "tourn"]
[EventRounds "9"]
[EventCountry "ESP"]
[EventCategory "6"]
[SourceTitle "EXT 2004"]
[Source "ChessBase"]
[SourceDate "2003.11.25"]
[SourceVersion "1"]
[SourceVersionDate "2003.11.25"]
[SourceQuality "1"]

1. c4 c6 2. e4 d5 3. cxd5 Nf6 4. dxc6 Nxc6 5. Nc3 e5 6. Nf3 Bc5 7. Be2 O-O 8.
O-O a6 9. d3 b5 10. a3 Qe7 11. Bg5 Be6 12. Rc1 Rac8 13. Bxf6 gxf6 14. Nd5 Bxd5
15. exd5 Nd4 16. b4 Bb6 17. Nxd4 Bxd4 18. Bg4 Rxc1 19. Qxc1 f5 20. Bxf5 Qf6 21.
Be4 Rd8 22. g3 h5 23. h4 Qg7 24. Kg2 Kh8 25. Qd1 Qh6 26. Qf3 Kg7 27. Qf5 Rd6
28. Bf3 Rf6 29. Qxh5 Qd2 30. Qg5+ Qxg5 31. hxg5 Rg6 32. Rc1 Bb2 33. Rc6 Bxa3
34. Be4 Rxg5 35. d6 Bxb4 36. d7 Be7 37. Rc8 f5 38. Re8 Kf6 39. Bb7 a5 40. d8=Q
Bxd8 41. Rxd8 e4 42. dxe4 fxe4 43. Bxe4 a4 44. Ra8 1-0

[Event "Elgoibar 02nd"]
[Site "Elgoibar"]
[Date "1992.??.??"]
[Round "5"]
[White "Lakunza Oyarbide, Juan Carlos"]
[Black "Topalov, Veselin"]
[Result "0-1"]
[WhiteElo "2345"]
[BlackElo "2460"]
[PlyCount "98"]
[EventDate "1992.11.??"]
[EventType "tourn"]
[EventRounds "9"]
[EventCountry "ESP"]
[EventCategory "6"]
[SourceTitle "EXT 2004"]
[Source "ChessBase"]
[SourceDate "2003.11.25"]
[SourceVersion "1"]
[SourceVersionDate "2003.11.25"]
[SourceQuality "1"]

1. d4 f5 2. c4 Nf6 3. g3 d6 4. Nf3 g6 5. Bg2 Bg7 6. O-O O-O 7. Nc3 c6 8. d5 Bd7
9. Ng5 Na6 10. Qe1 Nc7 11. f4 h6 12. Nh3 cxd5 13. cxd5 Nb5 14. Be3 Ng4 15. Bd2
Qb6+ 16. Kh1 Nxc3 17. bxc3 Ne3 18. Bxe3 Qxe3 19. Rf3 Qc5 20. Qd2 Rac8 21. Rc1
Qa5 22. Nf2 Rc4 23. Nd1 Rfc8 24. h4 h5 25. Rd3 b5 26. Kh2 Kf8 27. Bf3 Qc7 28.
a3 Ra4 29. Qb2 a5 30. Qb3 Rc4 31. Kg2 b4 32. axb4 axb4 33. Ra1 bxc3 34. Ne3 Rc5
35. Nc2 Rb5 36. Qa3 Rb2 37. Rc1 Qb6 38. Ne3 Rb3 39. Qa2 Qb4 40. Nc2 Qa4 41.
Qxa4 Bxa4 42. Nd4 Bxd4 43. Rxd4 Bb5 44. Kf2 Ra8 45. Rc2 Ra1 46. Ke3 Ke8 47. Kf2
Kd8 48. e3 Rb2 49. Rdd2 Raa2 0-1

[Event "Elgoibar 02nd"]
[Site "Elgoibar"]
[Date "1992.??.??"]
[Round "6"]
[White "Topalov, Veselin"]
[Black "Suarez Roa, Jose Francisco"]
[Result "1-0"]
[WhiteElo "2460"]
[BlackElo "2415"]
[PlyCount "47"]
[EventDate "1992.11.??"]
[EventType "tourn"]
[EventRounds "9"]
[EventCountry "ESP"]
[EventCategory "6"]
[SourceTitle "EXT 2004"]
[Source "ChessBase"]
[SourceDate "2003.11.25"]
[SourceVersion "1"]
[SourceVersionDate "2003.11.25"]
[SourceQuality "1"]

1. d4 f5 2. c4 Nf6 3. Nc3 d6 4. Bg5 Nbd7 5. Qc2 g6 6. e4 fxe4 7. Nxe4 Bg7 8.
Ng3 O-O 9. Nf3 Qe8 10. Be2 Qf7 11. O-O c5 12. Rad1 b6 13. Bc1 e5 14. dxc5 dxc5
15. Ng5 Qe7 16. Bf3 Rb8 17. Rfe1 Bb7 18. Bxb7 Rxb7 19. f4 Rbb8 20. f5 Qe8 21.
Ne6 Rf7 22. fxg6 hxg6 23. Nc7 Qd8 24. Qxg6 1-0

[Event "Elgoibar 02nd"]
[Site "Elgoibar"]
[Date "1992.??.??"]
[Round "7"]
[White "Ubilava, Elizbar"]
[Black "Topalov, Veselin"]
[Result "1/2-1/2"]
[WhiteElo "2560"]
[BlackElo "2460"]
[PlyCount "30"]
[EventDate "1992.11.??"]
[EventType "tourn"]
[EventRounds "9"]
[EventCountry "ESP"]
[EventCategory "6"]
[SourceTitle "EXT 2004"]
[Source "ChessBase"]
[SourceDate "2003.11.25"]
[SourceVersion "1"]
[SourceVersionDate "2003.11.25"]
[SourceQuality "1"]

1. d4 d5 2. c4 c6 3. cxd5 cxd5 4. Nc3 Nc6 5. Bf4 Nf6 6. e3 a6 7. Bd3 Bg4 8.
Nge2 e6 9. O-O Bd6 10. Qd2 Bxe2 11. Nxe2 O-O 12. Rac1 Bxf4 13. Nxf4 Qd6 14. Ne2
Rac8 15. Rc3 Nb4 1/2-1/2

[Event "Elgoibar 02nd"]
[Site "Elgoibar"]
[Date "1992.??.??"]
[Round "8"]
[White "Topalov, Veselin"]
[Black "Urday Caceres, Henry"]
[Result "0-1"]
[WhiteElo "2460"]
[BlackElo "2480"]
[PlyCount "66"]
[EventDate "1992.11.??"]
[EventType "tourn"]
[EventRounds "9"]
[EventCountry "ESP"]
[EventCategory "6"]
[SourceTitle "EXT 2004"]
[Source "ChessBase"]
[SourceDate "2003.11.25"]
[SourceVersion "1"]
[SourceVersionDate "2003.11.25"]
[SourceQuality "1"]

1. e4 c5 2. Nf3 e6 3. d4 cxd4 4. Nxd4 a6 5. Bd3 Nf6 6. O-O Qc7 7. Qe2 d6 8. f4
Nbd7 9. Kh1 Be7 10. c4 b6 11. Nc3 Bb7 12. Bd2 O-O 13. Rae1 Rfd8 14. b4 Bf8 15.
f5 Re8 16. fxe6 fxe6 17. Bc2 Kh8 18. Bb3 Qc8 19. a3 Ne5 20. Nf3 Nxf3 21. Rxf3
d5 22. e5 dxc4 23. Bc2 Bxf3 24. Qxf3 Ng8 25. Ne4 Ra7 26. Ng5 g6 27. Nf7+ Rxf7
28. Qxf7 Bg7 29. Qf2 Qd8 30. Be3 Rf8 31. Qg3 Bh6 32. Bg1 Qd2 33. Be4 c3 0-1

[Event "Budapest zt-B"]
[Site "Budapest"]
[Date "1993.??.??"]
[Round "11"]
[White "Topalov, Veselin"]
[Black "Kuczynski, Robert"]
[Result "1/2-1/2"]
[WhiteElo "2635"]
[BlackElo "2525"]
[PlyCount "42"]
[EventDate "1993.03.??"]
[EventType "tourn"]
[EventRounds "11"]
[EventCountry "HUN"]
[EventCategory "9"]
[SourceTitle "CBM 034"]
[Source "ChessBase"]
[SourceDate "1993.06.01"]
[SourceVersion "1"]
[SourceVersionDate "1993.06.01"]
[SourceQuality "1"]

1. d4 d5 2. c4 c6 3. Nf3 Nf6 4. Nc3 e6 5. Bg5 h6 6. Bxf6 Qxf6 7. Qb3 a5 8. g3
Qd8 9. Bg2 Be7 10. O-O O-O 11. Rfd1 Nd7 12. e4 dxe4 13. Nxe4 a4 14. Qc2 Qc7 15.
Nc3 a3 16. b3 Rd8 17. Rac1 Nf6 18. Ne5 Bd7 19. c5 Be8 20. Nc4 Nd7 21. Na4 Bf6
1/2-1/2

[Event "Leon"]
[Site "Leon"]
[Date "1993.??.??"]
[Round "3"]
[White "Illescas Cordoba, Miguel"]
[Black "Topalov, Veselin"]
[Result "1/2-1/2"]
[WhiteElo "2615"]
[BlackElo "2635"]
[PlyCount "55"]
[EventDate "1993.05.??"]
[EventType "tourn"]
[EventRounds "9"]
[EventCountry "ESP"]
[EventCategory "12"]
[SourceTitle "CBM 036"]
[Source "ChessBase"]
[SourceDate "1993.10.01"]
[SourceVersion "1"]
[SourceVersionDate "1993.10.01"]
[SourceQuality "1"]

1. Nf3 d6 2. d4 f5 3. g3 Nf6 4. Bg2 g6 5. O-O Bg7 6. c4 O-O 7. Nc3 Qe8 8. d5
Na6 9. Rb1 Bd7 10. b4 c6 11. dxc6 Bxc6 12. Qb3 Ne4 13. Bb2 Nxc3 14. Bxc3 Bxc3
15. Qxc3 Rc8 16. Rbc1 Rf6 17. a3 Kg7 18. Rfe1 Nb8 19. c5 Be4 20. Qe3 dxc5 21.
Rxc5 Rxc5 22. Qxc5 a6 23. Ne5 Bxg2 24. Kxg2 Nd7 25. Qc3 Nxe5 26. Qxe5 Qc6+ 27.
Kg1 Qd6 28. Qxd6 1/2-1/2

[Event "Leon"]
[Site "Leon"]
[Date "1993.??.??"]
[Round "4"]
[White "Topalov, Veselin"]
[Black "Leko, Peter"]
[Result "1/2-1/2"]
[WhiteElo "2635"]
[BlackElo "2465"]
[Annotator "Ribli,Z"]
[PlyCount "107"]
[EventDate "1993.05.??"]
[EventType "tourn"]
[EventRounds "9"]
[EventCountry "ESP"]
[EventCategory "12"]
[SourceTitle "CBM 036"]
[Source "ChessBase"]
[SourceDate "1993.10.01"]
[SourceVersion "1"]
[SourceVersionDate "1993.10.01"]
[SourceQuality "1"]

1. c4 c5 2. g3 g6 3. Bg2 Bg7 4. Nf3 Nc6 5. O-O Nf6 6. d4 cxd4 7. Nxd4 O-O 8.
Nc3 Ng4 $5 9. e3 d6 10. Nce2 $5 Bd7 (10... Nge5 {Wojtkiewicz,A-Tolnai,T/
Katerini-op/1992/EXP32/}) 11. b3 Nxd4 (11... a6 $6 $14 {Pein,M-Nicholson,J/
Lugano-op/1989/}) 12. Nxd4 Rb8 13. Bb2 Qa5 14. h3 (14. Qe2 $5) 14... Ne5 15.
Qe2 Rfc8 16. Rfd1 Nc6 17. Nb5 $1 Bxb2 18. Qxb2 a6 19. Nc3 Qe5 20. Rac1 b5 21.
cxb5 axb5 22. Qd2 Kf8 (22... b4 23. Nd5 $14) 23. f4 $1 $14 Qg7 24. Ne4 (24. Nd5
$5) 24... Rd8 25. Nxd6 Bxh3 (25... exd6 $2 26. Qxd6+ Ne7 27. Rc7 $18) 26. Rxc6
Bxg2 27. Kxg2 Qf6 $1 28. Kf3 (28. e4 $1 Rxd6 29. Rxd6 Qxd6 30. Qxd6 exd6 31.
Rxd6 Ra8 32. Rb6 Rxa2+ 33. Kf3 $16) 28... Ra8 29. Qd4 $6 (29. e4 $5) 29... Qxd4
30. Rxd4 Rxd6 31. Rdxd6 exd6 32. Rxd6 Rxa2 33. Rb6 h5 34. Rxb5 Rb2 35. b4 $2 (
35. e4 $1) 35... f5 36. Rb7 Kg8 37. b5 Kf8 38. b6 Kg8 39. g4 hxg4+ 40. Kg3 Kf8
41. Kh4 Rb3 42. Kg5 g3 43. Kxg6 Rxe3 44. Kf6 Kg8 45. Rg7+ Kh8 46. Rg5 Kh7 $1 (
46... Rb3 $2 47. Kf7 $18) 47. Rg7+ Kh8 48. Kf7 Rd3 49. b7 Rd8 50. Rxg3 Rd7+ 51.
Kf8 Rxb7 52. Rh3+ Rh7 53. Rxh7+ Kxh7 54. Kf7 1/2-1/2

[Event "Interzonal-16"]
[Site "Biel"]
[Date "1993.??.??"]
[Round "11"]
[White "Topalov, Veselin"]
[Black "Frolov, Artur"]
[Result "1-0"]
[WhiteElo "2650"]
[BlackElo "2535"]
[Annotator "Ernst,T"]
[PlyCount "77"]
[EventDate "1993.07.16"]
[EventType "swiss"]
[EventRounds "13"]
[EventCountry "SUI"]
[SourceTitle "CBM 037"]
[Source "ChessBase"]
[SourceDate "1993.12.01"]
[SourceVersion "1"]
[SourceVersionDate "1993.12.01"]
[SourceQuality "1"]

1. e4 e5 2. Nf3 Nc6 3. Bb5 a6 4. Ba4 Nf6 5. O-O Be7 6. Re1 b5 7. Bb3 d6 8. c3
O-O 9. h3 Na5 10. Bc2 c5 11. d4 Qc7 12. Nbd2 Bd7 13. Nf1 Nc4 14. Qe2 Rfe8 (
14... Nb6 $6 15. d5 $1 c4 16. g4 $14) 15. b3 Nb6 16. dxe5 dxe5 17. c4 Nh5 $1 (
17... bxc4 18. bxc4 Na4 19. Bxa4 Bxa4 20. Ne3 $14) (17... Bc6) 18. Bd2 (18. Ne3
Nf4 19. Qf1 Bd6 $5 20. Nd5 Nfxd5 21. exd5 f5 $15) 18... Rab8 $1 19. a4 (19.
Rad1 bxc4 20. bxc4 Na4 $1 $15) 19... bxc4 20. bxc4 Bd6 $6 (20... Nc8 21. Ne3
Nf4 22. Qf1 Ne6 $13) 21. a5 $6 (21. g4 $1 Nf6 (21... Nf4 22. Bxf4 exf4 23. e5
$16) 22. Ne3 $14) 21... Nc8 22. Ba4 (22. g4 Nf6 23. Ne3 Ne7 24. Ba4 Bxa4 25.
Rxa4 Nc6 26. Nd5 Qd8 $10) 22... Bxa4 23. Rxa4 Na7 24. g3 (24. Ne3 $142 $10)
24... Nf6 $1 25. Ra2 {><a4, e4, h3} Nc6 26. Bg5 Nd7 27. Nh4 (27. Ne3 Nd4 {/\}
28. Qd1 $2 Rb1 $19) 27... Nd4 28. Qg4 Qc6 $15 29. Ne3 h5 $1 (29... f6 30. Bh6
Bf8 31. Nd5 $5 (31. Nef5 Nxf5 32. Nxf5 g6 33. Bxf8 Nxf8 $10) 31... Rb3 $13) 30.
Qxh5 f6 $6 (30... Qxe4 31. Qd1 $1 Qh7 $1 32. Nd5 e4 $15) 31. Bh6 $1 Bf8 $2 (
31... Qxe4 32. Bxg7 $1 Qh7 33. Bh6 $18) (31... gxh6 $8 32. Nef5 Re7 $8 33.
Nxh6+ Kf8 34. Ng6+ Kg7 $13) 32. Nef5 $18 Nxf5 (32... gxh6 33. Qg6+ Kh8 34. Qf7
{/\ Ng6#}) 33. Nxf5 gxh6 34. Qg6+ Kh8 35. Rd2 Qe6 36. Red1 Rbd8 37. h4 Re7 38.
Nxe7 Bxe7 39. Rxd7 1-0

[Event "Groningen PCA"]
[Site "Groningen"]
[Date "1993.??.??"]
[Round "9"]
[White "Topalov, Veselin"]
[Black "Benjamin, Joel"]
[Result "1/2-1/2"]
[WhiteElo "2650"]
[BlackElo "2620"]
[Annotator "Ribli,Z"]
[PlyCount "88"]
[EventDate "1993.12.??"]
[EventType "swiss"]
[EventRounds "11"]
[EventCountry "NED"]
[SourceTitle "CBM 039"]
[Source "ChessBase"]
[SourceDate "1994.04.01"]
[SourceVersion "1"]
[SourceVersionDate "1994.04.01"]
[SourceQuality "1"]

1. e4 c5 2. Nf3 e6 3. d4 cxd4 4. Nxd4 Nc6 5. Nc3 a6 6. Be3 Qc7 7. Bd3 b5 8. O-O
Bb7 9. Kh1 Nf6 10. Qe2 (10. a3 h5 (10... Ne5 $5) 11. f4 Ng4 12. Bg1 g5 $5 $13 {
Antunac,G-Kurajica,B/Jugoslavija/1967/INF04,448/}) 10... Bb4 11. a4 Bxc3 12.
bxc3 Nxd4 13. cxd4 (13. Bxd4 e5 14. Be3 Qxc3 $13) 13... Nxe4 14. axb5 axb5 15.
Rxa8+ Bxa8 16. Bxb5 O-O (16... Nc3 17. Qc4 Qb7 (17... Nxb5 $5 18. Qxb5 O-O 19.
Rc1 $10) 18. f3 Qxb5 (18... Nxb5 19. Rb1 $10) 19. Qxb5 Nxb5 20. Rb1 Ke7 21.
Rxb5 Rc8 22. Rc5 Rb8 23. Kg1 $10) 17. Bd3 Nc3 18. Qd2 Be4 19. Bxe4 Nxe4 20. Qd3
d5 21. Rc1 Qb7 (21... Rc8 $5 22. f3 Nd6 23. Bf4 Qc4 $15) 22. c4 dxc4 23. Qxc4
Ra8 24. h3 h6 25. Qc6 Qxc6 26. Rxc6 Ra1+ 27. Kh2 Rd1 (27... Ra2 28. f3 Nd2 29.
Bxd2 Rxd2 30. Rc4 $10) 28. g4 Kh7 29. Rc7 Kg6 30. h4 Nf6 31. h5+ Kh7 32. Kh3
Kg8 33. Rc8+ Kh7 34. Rc7 Rg1 (34... Kg8 $10) 35. f3 Rd1 36. Bf2 Kg8 37. Rc8+
Kh7 38. Rf8 Rd2 39. Kg3 Rd3 40. Kg2 Nd5 41. Rxf7 Kg8 42. Ra7 Nf4+ 43. Kg3 Ne2+
44. Kg2 Nf4+ 1/2-1/2

[Event "Linares 12th"]
[Site "Linares"]
[Date "1994.??.??"]
[Round "5"]
[White "Topalov, Veselin"]
[Black "Shirov, Alexei"]
[Result "0-1"]
[WhiteElo "2640"]
[BlackElo "2705"]
[Annotator "Shirov,A"]
[PlyCount "68"]
[EventDate "1994.02.??"]
[EventType "tourn"]
[EventRounds "13"]
[EventCountry "ESP"]
[EventCategory "18"]
[SourceTitle "CBM 040"]
[Source "ChessBase"]
[SourceDate "1994.06.01"]
[SourceVersion "1"]
[SourceVersionDate "1994.06.01"]
[SourceQuality "1"]

1. e4 {Blatny,P} g6 2. d4 Bg7 3. Nc3 c6 4. Nf3 d5 5. h3 (5. e5 {Blatny,P} Bg4 {
->[+]}) 5... Nh6 6. Bf4 f6 7. Be2 (7. exd5 cxd5 8. Nb5 O-O) (7. Qd2 {Blatny,P}
Nf7 8. exd5 cxd5 9. O-O-O $14 {<=>}) 7... Nf7 8. Bh2 (8. O-O {Blatny,P} e5 $5)
8... O-O (8... dxe4 {Blatny,P} 9. Nxe4 Qb6 10. Rb1 Bf5 11. Nc3 $14 (11. Ng3 Be6
$132)) 9. O-O b6 (9... Re8 {Blatny,P} 10. Re1 e6 $13) 10. Re1 Bb7 (10... Na6 {
Blatny,P /\Nc7-d5} 11. exd5 cxd5 12. Nb5 e5 $132) 11. Bf1 Nd7 (11... Re8 12. e5
) 12. a4 (12. e5 e6 $13) 12... a6 (12... e6 13. a5 Re8 $13) (12... e5 {Blatny,P
} 13. exd5 cxd5 14. dxe5 Ndxe5 15. Nd4 $14) (12... a5 {Blatny,P} 13. exd5 cxd5
{><b5}) 13. a5 b5 14. exd5 $5 cxd5 15. Re6 $5 Rc8 $6 (15... Re8 16. Nxb5 axb5
17. Bxb5 Bc8 $1 18. Bc6 Ra7 19. Bxd5 $2 Nf8 $17) (15... Ng5 {Blatny,P} 16. Nxg5
fxg5 {/\Rf6}) (15... Bc8 $142 {Blatny,P ><e6}) 16. Nxb5 $6 (16. Ne2 $1 Re8 17.
Nf4 Nf8 $1 (17... Nd6 18. Re1 Nf8 19. Nd3 Ne4 20. Nd2 Nd7 21. Nb3 $16) 18. Rb6
Qd7 19. Nd3 e5 20. Nc5 Rxc5 21. dxc5 $14) 16... axb5 17. Bxb5 f5 $1 (17... Ng5
{Blatny,P} 18. Nxg5 fxg5 19. a6 Ba8 {/\Rf6} 20. c3 {/\Qe2~/=}) 18. Qe2 $6 (18.
Qe1 Nf6 19. Rxe7 Ba8 $13) 18... Nf6 19. a6 (19. Rxe7 Rxc2 20. Rxb7 Rxe2 21.
Bxe2 Qa8 22. a6 Ne4 23. Rc1 Nd8 $17) 19... Ba8 20. Rxe7 Rxc2 (20... Ne4 {
Blatny,P} 21. Rd7 $18) 21. Qxc2 Qxe7 22. Qa4 $1 Qe6 $1 (22... Ne4 $6 23. Bc6) (
22... Rc8 23. a7 Ne4 24. Bd7 $1 Rc4 $140 $2 25. Qb5 Rb4 26. Qb8+ $1 Qf8 27. Be6
$18) 23. b4 $2 (23. a7 $1 g5 $1 (23... Ne4 24. Qa6 $1 Nfg5 (24... Qxa6 25. Rxa6
{/\ Bc6, Rb6}) 25. Nxg5 Nxg5 26. h4 $1 Qxa6 27. Rxa6 Nf7 (27... Ne4 28. Be5 $1
$44) 28. Ra4 Rc8 29. Bf4 $13) 24. Bc7 g4 25. Ne5 Nxe5 26. Bxe5 gxh3 27. gxh3 (
27. Qa6 Qf7 28. gxh3 Ne4 $1 $17) 27... f4 $1 $40) (23. a7 $142 {Blatny,P /\Qa6}
) 23... Ne4 24. Bf1 g5 25. b5 g4 (25... f4 $5) 26. Ne1 (26. Ne5 Nxe5 27. Bxe5
Bxe5 28. dxe5 Qb6 $19) 26... Qb6 27. Nc2 Rc8 28. Bf4 Bh6 $1 (28... gxh3 {
Blatny,P} 29. gxh3 Qg6+ 30. Bg2 Nc3 $19) (28... Nxf2 $5 {Blatny,P} 29. Kxf2
Rxc2+ 30. Qxc2 Bxd4+ 31. Be3 $8 Bxe3+ $40) 29. Bxh6 Qxh6 30. hxg4 (30. Ne3 gxh3
31. gxh3 Qf4 32. Ra2 (32. Nd1 Nfg5 33. Bg2 Kh8 {/\ Rg8}) (32. Qa2 Kh8 33. Bg2
Rg8 {/\ Nfg5}) 32... Nfg5 33. Bg2 Nxf2 $1 34. Rxf2 Qxe3 $19) 30... Qd2 31. f3
Qf2+ 32. Kh2 (32. Kh1 Ng3+ $19) 32... Nfg5 33. Ne1 Qh4+ (33... Qg3+ {Blatny,P}
34. Kh1 Nf2+ 35. Kg1 Ngh3#) 34. Kg1 Nh3+ (34... Nh3+ 35. gxh3 Qf2+ 36. Kh1 Ng3#
) 0-1